000 00355nam a2200145Ia 4500
008 230524s9999 xx 000 0 und d
020 _a8120329627
082 _a4.22
100 _aWilliam Stallings
245 0 _aComputer Organisation and Architecture
260 _aNEW DELHI
_bPHI
500 _aQuantity Number: 8
650 _aComp-Sc
942 _cBK
999 _c35900
_d35900